Relational leadership, storytelling, and narratives: practices of local government chief executives (Record no. 115698)

000 -LEADER
fixed length control field 01612pab a2200181 454500
008 - FIXED-LENGTH DATA ELEMENTS--GENERAL INFORMATION
fixed length control field 180718b2017 xxu||||| |||| 00| 0 eng d
100 ## - MAIN ENTRY--PERSONAL NAME
Personal name Orr, Kevin
245 ## - TITLE STATEMENT
Title Relational leadership, storytelling, and narratives: practices of local government chief executives
260 ## - PUBLICATION, DISTRIBUTION, ETC.
Date of publication, distribution, etc. 2017
300 ## - PHYSICAL DESCRIPTION
Extent p.515-527.
362 ## - DATES OF PUBLICATION AND/OR SEQUENTIAL DESIGNATION
Dates of publication and/or sequential designation Jul-Aug
520 ## - SUMMARY, ETC.
Summary, etc. This article examines the storytelling and narrative practices of an elite group of public administrators in the United Kingdom: local government chief executives. The authors do so through the lens of relationality, exploring the collective dimensions of leadership. The focus on leadership and stories embraces the narrative turn in public administration scholarship. It responds to calls for research examining the distinctive settings of everyday leadership action. The contribution to theory is a qualitative understanding of the relational ways in which stories and narratives are used in the practices of public administration leaders. The article analyzes four ways in which such leadership is accomplished: inviting an emotional connection and commitment to public service, making sense of organizational realities, provoking reflections on practices and assumptions, and managing relations with politicians. The authors offer an appreciation of how relational leadership influence can be generated by expressive narratives and storytelling rather than stemming from bureaucratic authority. - Reproduced.
650 ## - SUBJECT ADDED ENTRY--TOPICAL TERM
Topical term or geographic name entry element Leadership
650 ## - SUBJECT ADDED ENTRY--TOPICAL TERM
Topical term or geographic name entry element Local government
700 ## - ADDED ENTRY--PERSONAL NAME
Personal name Bennett, Mike
773 ## - HOST ITEM ENTRY
Main entry heading Public Administration Review
909 ## -
-- 115704
Holdings
Withdrawn status Lost status Damaged status Not for loan Permanent Location Current Location Date acquired Serial Enumeration / chronology Barcode Date last seen Price effective from Koha item type
        Indian Institute of Public Administration Indian Institute of Public Administration 2018-07-19 Volume no: 77, Issue no: 4 AR116164 2018-07-19 2018-07-19 Articles

Powered by Koha